Fluctuations et crises économiques (notice n° 1971502)

détails MARC
000 -LEADER
fixed length control field 01156cam a2200145 4500500
005 - DATE AND TIME OF LATEST TRANSACTION
control field 20260329040334.0
041 ## - LANGUAGE CODE
Language code of text/sound track or separate title fre
042 ## - AUTHENTICATION CODE
Authentication code dc
100 10 - MAIN ENTRY--PERSONAL NAME
Personal name Barou, Vincent
Relator term author
245 00 - TITLE STATEMENT
Title Fluctuations et crises économiques
260 ## - PUBLICATION, DISTRIBUTION, ETC.
Name of publisher, distributor, etc. Armand Colin,<br/>
Date of publication, distribution, etc. 2015.<br/>
520 ## - SUMMARY, ETC.
Summary, etc. Pourquoi des crises économiques se produisent-elles ? Comment les comprendre ? Et surtout comment en sortir ? Après un rappel des premiers travaux des économistes du XIXe siècle et du début du XXe siècle, ce manuel présente les développements théoriques récents, appliqués à l’expérience des grandes crises mondiales, de la Grande Dépression de 1929 aux prolongements actuels de la Crise de 2008. En articulant étroitement les approches historiques et théoriques, il étudie les facteurs déclencheurs (monétaires, psychologiques...) et amplificateurs (rigidités nominales, crédit...) des fluctuations économiques et analyse également les politiques économiques contra-cycliques.
700 10 - ADDED ENTRY--PERSONAL NAME
Personal name Ting, Benjamin
Relator term author
856 41 - ELECTRONIC LOCATION AND ACCESS
Uniform Resource Identifier <a href="https://shs.cairn.info/fluctuations-et-crises-economiques--9782200611521?lang=fr&redirect-ssocas=7080">https://shs.cairn.info/fluctuations-et-crises-economiques--9782200611521?lang=fr&redirect-ssocas=7080</a>

Pas d'exemplaire disponible.

PLUDOC

PLUDOC est la plateforme unique et centralisée de gestion des bibliothèques physiques et numériques de Guinée administré par le CEDUST. Elle est la plus grande base de données de ressources documentaires pour les Étudiants, Enseignants chercheurs et Chercheurs de Guinée.

Adresse

627 919 101/664 919 101

25 boulevard du commerce
Kaloum, Conakry, Guinée

Réseaux sociaux

Powered by Netsen Group @ 2025